Загрузка...

Mapping an empire: the geographical construction of British India, 1765-1843/

Библиографические подробности
Главный автор: Matthew H Edney
Формат: Printed Book
Опубликовано: New Delhi: Oxford University Press, 1999.
Предметы:
LEADER 00835nam a22001931a 4500
020 |a 9780195651720 
082 |a 954.03  |b MAT/M 
100 |a Matthew H Edney  |9 170324 
245 |a Mapping an empire:  |b the geographical construction of British India, 1765-1843/  |c by Matthew H Edney 
260 |a New Delhi:  |b Oxford University Press,  |c 1999. 
300 |a 458p. 
600 |a    |9 170325 
650 |a British Period  |9 170326 
650 |a History India  |9 170327 
650 |a History  |9 170328 
942 |c BK 
999 |c 27795  |d 27795 
952 |0 0  |1 0  |4 0  |6 954_030000000000000_MAT_M  |7 0  |9 40101  |a SSUS  |b SSUS  |d 2015-01-08  |g 595.00  |l 7  |o 954.03 MAT/M  |p 034891  |r 2019-11-26  |s 2019-11-06  |v 0.00  |w 2015-01-08  |y BK 
952 |0 0  |1 0  |4 0  |6 954_030000000000000_MAT_M  |7 0  |9 40102  |a SSUS  |b SSUS  |d 2015-01-08  |g 595.00  |l 12  |o 954.03 MAT/M  |p 037501  |r 2019-05-07  |s 2019-04-11  |v 0.00  |w 2015-01-08  |y BK